00246nam a2200097Ia 4500001000800000005001700008008004100025020001800066245004500084260001900129127589620260417160436.0260417s9999 xx 000 0 und d a9786257854627 0aEvimizdeki CanavarcNura Abbas El-Huwari bKetebe Çocuk